| 000 | 00778cab a2200241 4500 | ||
|---|---|---|---|
| 001 | WB3330-27 | ||
| 008 | 090401t1997 xxu||||| |||| 00| 0 eng d | ||
| 035 | _a(Sirsi) u80024 | ||
| 041 | _aeng | ||
| 245 | _aOn-screen shopping | ||
| 260 | _c1997 | ||
| 350 | _a0 | ||
| 490 |
_aDaily Telegraph _v30 July 1997, 10(1) |
||
| 520 | _aA survey of 2000 households found that half of all Internet users would like to buy goods from home using television or computer-based services. | ||
| 650 | _aHOME SHOPPING | ||
| 650 | _aINTERNET | ||
| 650 | _aON-LINE BANKING | ||
| 650 | _aPROPERTY-COMMERCIAL PROPERTY-RETAIL PROPERTY-RETAIL PROPERTY MARKET | ||
| 650 | _aSURVEY | ||
| 690 | _aMANAGEMENT-BUSINESS MANAGEMENT-INFORMATION MANAGEMENT | ||
| 942 | _n0 | ||
| 948 | _c30/07/1997 | ||
| 999 |
_c50365 _d50365 |
||